Исследование первичного преобразователя измерителя емкости кабеля; Информационно-измерительная техника и технологии

Podrobná bibliografie
Parent link:Информационно-измерительная техника и технологии.— 2013.— [С. 190-194]
Hlavní autor: Нгуен Данг Куанг
Korporativní autor: Национальный исследовательский Томский политехнический университет (ТПУ) Институт неразрушающего контроля (ИНК) Кафедра информационно-измерительной техники (ИИТ)
Další autoři: Миляев Д. В. Дмитрий Васильевич (научный руководитель)
Shrnutí:Заглавие с титульного листа
Приведены исследования первичного преобразователя измерителя емкости кабеля в процессе изготовления. Конструкция представляет собой полую трубку, наполненную водой, и проходящий через неё кабель с жилой, но без изоляции. Исследованы зависимости результат измерения от качества воды
Research shows the primary converter capacitance meter cable during manufacture. Construction of this sensor is a hollow tube filled with water, and the cable (with a wire, but without insulation) extending through it. It is researched the influence of the water quality on the measuring result
Jazyk:ruština
Vydáno: 2013
Témata:
On-line přístup:http://www.lib.tpu.ru/fulltext/c/2013/C18/037.pdf
Médium: MixedMaterials Elektronický zdroj Kapitola
KOHA link:https://koha.lib.tpu.ru/cgi-bin/koha/opac-detail.pl?biblionumber=242093

MARC

LEADER 00000naa2a2200000 4500
001 242093
005 20251218160507.0
035 |a (RuTPU)RU\TPU\book\263389 
035 |a RU\TPU\book\263368 
090 |a 242093 
100 |a 20130826d2013 k y0rusy50 ca 
101 0 |a rus 
102 |a RU 
135 |a drnn ---uucaa 
181 0 |a i  
182 0 |a b 
200 1 |a Исследование первичного преобразователя измерителя емкости кабеля  |d Research of cable capacitance meter sensor  |f Нгуен Данг Куанг  |g науч. рук. Д. В. Миляев 
203 |a Текст  |c электронный 
215 |a 1 файл (525 Кб) 
300 |a Заглавие с титульного листа 
320 |a [Библиогр.: с. 194 (2 назв.)] 
330 |a Приведены исследования первичного преобразователя измерителя емкости кабеля в процессе изготовления. Конструкция представляет собой полую трубку, наполненную водой, и проходящий через неё кабель с жилой, но без изоляции. Исследованы зависимости результат измерения от качества воды 
330 |a Research shows the primary converter capacitance meter cable during manufacture. Construction of this sensor is a hollow tube filled with water, and the cable (with a wire, but without insulation) extending through it. It is researched the influence of the water quality on the measuring result 
337 |a Adobe Reader 
463 1 |0 (RuTPU)RU\TPU\book\262947  |t Информационно-измерительная техника и технологии  |o материалы IV Научно-практической конференции, Томск, 15-17 мая 2013 г.  |f Национальный исследовательский Томский политехнический университет (ТПУ) ; под ред. А. В. Юрченко  |v [С. 190-194]  |d 2013 
510 1 |a Research of cable capacitance meter sensor  |z eng 
610 1 |a труды учёных ТПУ 
610 1 |a электронный ресурс 
610 1 |a кабели 
610 1 |a жилы 
610 1 |a измерение 
610 1 |a емкость 
610 1 |a электроды 
610 1 |a изготовление 
610 1 |a концентрация 
700 0 |a Нгуен Данг Куанг 
702 1 |a Миляев  |b Д. В.  |c российский учёный в области информационно-измерительной техники  |c доцент Томского политехнического университета, кандидат технических наук   |f 1940-  |g Дмитрий Васильевич  |3 (RuTPU)RU\TPU\pers\26529  |4 727 
712 0 2 |a Национальный исследовательский Томский политехнический университет (ТПУ)  |b Институт неразрушающего контроля (ИНК)  |b Кафедра информационно-измерительной техники (ИИТ)  |3 (RuTPU)RU\TPU\col\18718 
801 1 |a RU  |b 63413507  |c 20130116 
801 2 |a RU  |b 63413507  |c 20130925  |g RCR 
856 4 |u http://www.lib.tpu.ru/fulltext/c/2013/C18/037.pdf 
942 |c CF